• 首页
  • 本馆介绍
  • 公告通知
  • 最新文献
  • 馆藏检索
  • 电子资源
  • 读者导购
  • 参考咨询
  • 我的图书馆
  • 登录
  • 详细信息显示
  • 放入我的书架
  • 预约/预借图书
  • 作者相关作品
  • 分类相关作品
  • 丛书相关作品
  • 出版社相关作品

书目信息

  • 表格格式
  • 工作单格式
  • 卡片格式
题名:
30天精读MBA
    
 
作者: 巴罗 著 ;何雯婷 译
分册:  
出版信息: 北京   中信出版社  2017
页数: 15,406页
开本: 23cm
丛书名:
单 册:
中图分类: F203.9
科图分类:
主题词: 工商行政管理--教材
电子资源:
ISBN: 978-7-5086-8362-1
000 01188nam0 2200265 450
001 012001004953
005 20140928162350.0
010    @a978-7-5086-8362-1@dCNY68.00
100    @a20180412d2017 em y0chiy50 ea
101 1  @achi@ceng
102    @aCN@b110000
105    @ay z 000yy
106    @ar
200 1  @a30天精读MBA@930 tian jing du MBA@e世界知名商学院12门课程精华@dThe 30 day MBA your fast track guide to business stccess@f(英)科林·巴罗(Colin Barrow)著@g何雯婷译@zeng
210    @a北京@c中信出版社@d2017
215    @a15,406页@d23cm
300    @aMBA精读系列
330    @a本书囊括了商业法、经济学、财务、营销学和战略等12门核心课程,在讲解概念或工具时还引用了汤姆兄弟、蛇王啤酒、阿迪达斯、亨氏、福特、宜家、壳牌、脸书、谷歌等大企业的独到商业见解,并提供与时俱进的案例分析。本书还收集了几百条可供查阅的学习资源链接,通过全球知名教授的讲解,读者能进一步巩固所学知识。
510 1  @a30 day MBA your fast track guide to business stccess@zeng
606 0  @a工商行政管理@j教材
690    @aF203.9@v5
701  0 @c(英)@a巴罗@9ke lin · ba luo@c(Barrow,Colin)@4著
702  0 @a何雯婷@9he wen ting@4译
801  0 @aCN@b上海新华@c20180901
905    @b1167378-82@dF203.9@e100@f5
    
    30天精读MBA:世界知名商学院12门课程精华=The 30 day MBA your fast track guide to business stccess/(英)科林·巴罗(Colin Barrow)著/何雯婷译.-北京:中信出版社,2017
    15,406页;23cm
    MBA精读系列
    
    ISBN 978-7-5086-8362-1:CNY68.00
    本书囊括了商业法、经济学、财务、营销学和战略等12门核心课程,在讲解概念或工具时还引用了汤姆兄弟、蛇王啤酒、阿迪达斯、亨氏、福特、宜家、壳牌、脸书、谷歌等大企业的独到商业见解,并提供与时俱进的案例分析。本书还收集了几百条可供查阅的学习资源链接,通过全球知名教授的讲解,读者能进一步巩固所学知识。
●
相关链接 在E读中查询图书 在五车中查询图书 在当当中查询图书 在豆瓣中查询图书


正题名:30天精读MBA     索取号:F203.9/100         预约/预借

序号 登录号 条形码 馆藏地/架位号 状态 备注
1 1167378   211673786   第一样本阅览室/ [索取号:F203.9/100] 在馆    
2 1167379   211673795   第一借阅区/ [索取号:F203.9/100] 在馆    
3 1167380   211673802   第一借阅区/ [索取号:F203.9/100] 在馆    
4 1167381   211673811   第一借阅区/ [索取号:F203.9/100] 在馆    
5 1167382   211673820   密集书库-海洋学院/ [索取号:F203.9/100] 在馆    
唐山师范学院图书馆 欢迎您!
大连网信软件有限公司© 版权所有